| 000 | 01390naa a22003137a 4500 | ||
|---|---|---|---|
| 001 | BR8201349 | ||
| 003 | BR-BrBNA | ||
| 005 | 20250721143153.0 | ||
| 007 | ta | ||
| 008 | 250630b bl.|||m| |||| 00| 0 por d | ||
| 040 |
_aBR-BrBNA _bpor _cBiblioteca Nacional de Agricultura |
||
| 041 | _a(En) | ||
| 072 |
_aH10 _b1410 _b4050 _bG514 |
||
| 090 | _aH10 BR8201349 | ||
| 100 | 1 | _aSharma, R.D. | |
| 111 | 1 |
_a5. Reuniao Brasileira de Nematologia _cLondrina, PR (Brazil) _d9 Feb 1981 |
|
| 245 | 1 | _aLeaf and stem galls of bean naturally induced by Meloidogyne javanica [Phaseolus vulgaris; Nematoide; Meloidoginose; Brasil] | |
| 246 | 1 | _aLeaf and stem galls of bean naturally induced by Meloidogyne javanica [Phaseolus vulgaris; Nematode; Meloidoginose; Brazil] | |
| 246 | 1 | _a[Works presented to the 5. Brazilian Meeting of Nematology] | |
| 500 | _aTrabalhos apresentados a 5. Reuniao Brasileira de Nematologia Piracicaba, SP (Brasil): 1982. p. 129-136 [7 ref.; Summaries (En, Pt)] (BR8201349-AMS) | ||
| 773 | 0 |
_tTrabalhos apresentados a 5. Reuniao Brasileira de Nematologia _wH10 BR8201349 _gPiracicaba, SP (Brasil), 1982. p. 129-136 |
|
| 650 | _aPraga de planta | ||
| 650 | _aFeijao | ||
| 650 | _aNematoide | ||
| 650 | _aMeloidoginose | ||
| 490 |
_aPublicacao - Sociedade Brasileira de Nematologia (Brazil) _vno. 5 |
||
| 942 |
_cAMS _2AGRIS |
||
| 909 |
_a202506 _bLúcia _c55 _dLúcia Elande |
||
| 999 |
_c334090 _d334090 |
||